000
00284nam a22001337a 4500
008
170808b xxu||||| |||| 00| 0 eng d
020
_a
9788931434385
041
_a
eng
080
_a
004
100
_a
35
101
_a
SHKI
245
_a
WINDOWS VISTA
_c
DAVIS, G.H
942
_2
udc
_c
BK
999
_c
22894
_d
22894